000 00255nam a2200097Ia 4500
008 220204s9999 xx 000 0 und d
082 _aNR:058:338.32007
_bIND
245 0 _aIndia rubber directory 2007
260 _aChennai
_bTeam Web Power
_c2007
942 _cBK
999 _c42680
_d42680